Boston Red Sox General Knowledge - Statistics

General Stats
  • This quiz has been taken 27 times
    11 since last reset
  • The average score is 12 of 14
Answer Stats
Question Answer % Correct
How many number have been retired by the Boston Red Sox? (Excluding Jackie Robinson) 10
100%
How many World Series wins do the Red Sox have? 9
100%
Who was traded by the Red Sox in 1919, that started the biggest rivalry in sports, and placed an 86 year curse on the team? Babe Ruth
100%
Who was the Red Sox DH from 2003-2016? David Ortiz
100%
How many of the players acquired in the 2020 Mookie Betts trade still play for the Red Sox? 1
89%
How many World Series have the Red Sox won since 2000? 4
89%
Who has been the Red Sox manager since the 2018 season? Alex Cora
89%
What stadium do the Red Sox play in? Fenway Park
89%
Who is the long time rival of the Red Sox? Yankees
89%
How many wins did the 2018 Red Sox have? 108
78%
How old is it? 112
67%
Who accumulated the most WAR for the Red Sox? (121.8) Ted Williams
67%
How many Cy Young awards have the Red Sox won? 7
56%
Who is it? Connor Wong
44%
No matching quizzes found
Score Distribution
Percent of People with Each Score
Percentile by Number Answered
Your Score History
You have not taken this quiz since the last reset